Pantaleón y las visitadoras (Registro nro. 12187)
[ vista simple ]
| 000 -ENCABEZADO | |
|---|---|
| Número de control [NR] | 00608nam a2200193Ia 4500 |
| 008 - DE LONGITUD FIJA DE DATOS DE ELEMENTOS - INFORMACIÓN GENERAL | |
| Elementos de longitud fija [NR] | 130821s1973 sp gr spa |
| 020 ## - NUMERO INTERNACIONAL NORMALIZADO PARA LIBROS [R] | |
| Número Internacional Normalizado del libro [NR] | 8432202525 |
| 040 ## - FUENTE DE CATALOGACION [NR] | |
| Agencia de catalogación original [NR] | Co-BoUCM |
| Idioma de catalogación [NR] | spa |
| 041 ## - CODIGO DE IDIOMA [R] | |
| Código de idioma para texto/pista de sonido o título separado [R] | Español |
| 100 1# - ASIENTO PRINCIPAL--NOMBRE PERSONAL [NR] | |
| Nombre personal [NR] | Vargas Llosa, Mario |
| ID Autoridad | 3113 |
| 245 10 - MENCION DE TITULO [NR] | |
| Título [NR] | Pantaleón y las visitadoras |
| Mención de responsabilidad, etc. [NR] | Mario Vargas LLosa |
| 260 ## - PUBLICACION, DISTRIBUCION, ETC. (PIE DE IMPRENTA) [R] | |
| Lugar de publicación, distribución, etc. [R] | Barcelona (España) |
| Nombre del editor, distribuidor, etc. [R] | Seix-Barral |
| Fecha de publicación, distribución, etc. [R] | 1973 |
| 300 ## - DESCRIPCION FISICA [R] | |
| Extensión [R] | 309 páginas |
| 490 ## - MENCION DE SERIE [R] | |
| Mención de serie [R] | Biblioteca Breve. Novela |
| Designación numérica/secuencial del volumen [NR] | 352 |
| 650 04 - ASIENTO SECUNDARIO DE MATERIA - TERMINO TEMATICO [R] | |
| Término temático o nombre geográfico como elemento de entrada [NR] | Literatura peruana |
| 9 (RLIN) | 18723 |
| 650 04 - ASIENTO SECUNDARIO DE MATERIA - TERMINO TEMATICO [R] | |
| Término temático o nombre geográfico como elemento de entrada [NR] | Novela peruana |
| 9 (RLIN) | 20554 |
| 942 ## - ELEMENTOS DE ENTRADA AGREGADOS (KOHA) | |
| Tipo de ítem principal el descrito en 300a | Libro |
| Tema principal | Literatura |
| Edición | 1 |
| Prefijo de la signatura top. (colección) | Literatura - Perú |
| Parte restante de la signatura top. | V297p |
| Sistema de clasificación | DEWEY |
| Clasificación | 863.42 |
| Signatura topográfica | Código de barras | Última vez visto | Ejemplar | Price effective from | Tipo de ítem | Perdido | Sistema de clasificación | Dañado | No prestable | Tipo de ítem específico | Suprimido | Ubicación habitual | Ubicación actual | Localización | Fecha de creación | Forma de adquisición | Costo |
|---|---|---|---|---|---|---|---|---|---|---|---|---|---|---|---|---|---|
| PE 863.42 V297p | 100017573 | 11/12/2025 | Ej.1 | 03/02/2013 | Libro | DEWEY | Libro | Bodega | Bodega | 5to piso | 28/02/2003 | Compra | 26000.00 |